MARC details
| 000 -LEADER |
| fixed length control field |
02471cam a22004217a 4500 |
| 001 - CONTROL NUMBER |
| control field |
15712484 |
| 003 - CONTROL NUMBER IDENTIFIER |
| control field |
EG-ScBUE |
| 005 - DATE AND TIME OF LATEST TRANSACTION |
| control field |
20200901121554.0 |
| 008 - FIXED-LENGTH DATA ELEMENTS--GENERAL INFORMATION |
| fixed length control field |
090424t2009 sz ae f b 001 0 eng d |
| 020 ## - INTERNATIONAL STANDARD BOOK NUMBER |
| International Standard Book Number |
9783764399467 (hardcover) |
| 020 ## - INTERNATIONAL STANDARD BOOK NUMBER |
| International Standard Book Number |
3764399465 (hardcover) |
| 020 ## - INTERNATIONAL STANDARD BOOK NUMBER |
| International Standard Book Number |
9783764399474 (softcover) |
| 020 ## - INTERNATIONAL STANDARD BOOK NUMBER |
| International Standard Book Number |
3764399473 (softcover) |
| 035 ## - SYSTEM CONTROL NUMBER |
| System control number |
(OCoLC)ocn428253648 |
| 040 ## - CATALOGING SOURCE |
| Original cataloging agency |
AU@ |
| Language of cataloging |
eng |
| Description conventions |
rda |
| Transcribing agency |
AU@ |
| Modifying agency |
BWX |
| -- |
OMB |
| -- |
OCLCQ |
| -- |
YDXCP |
| -- |
DLC |
| -- |
EG-ScBUE |
| 041 1# - LANGUAGE CODE |
| Language code of text/sound track or separate title |
eng |
| Language code of original and/or intermediate translations of text |
ger |
| 082 04 - DEWEY DECIMAL CLASSIFICATION NUMBER |
| Classification number |
690.24 |
| Item number |
REF |
| Edition number |
22 |
| 130 0# - MAIN ENTRY--UNIFORM TITLE |
| Uniform title |
Atlas Sanierung. |
| Language of a work |
English. |
| 245 10 - TITLE STATEMENT |
| Title |
Refurbishment manual : |
| Remainder of title |
maintenance, conversions, extensions / |
| Statement of responsibility, etc |
Giebeler [and five others] |
| 264 #1 - PUBLICATION, DISTRIBUTION, ETC. (IMPRINT) |
| Place of publication, distribution, etc |
Basel : |
| Name of publisher, distributor, etc |
Birkhäuser ; |
| Place of publication, distribution, etc |
Munich : |
| Name of publisher, distributor, etc |
Edition Detail, |
| Date of publication, distribution, etc |
[2009] |
| 264 #4 - PUBLICATION, DISTRIBUTION, ETC. (IMPRINT) |
| Date of publication, distribution, etc |
c2009 |
| 300 ## - PHYSICAL DESCRIPTION |
| Extent |
279 pages : |
| Other physical details |
illustrations (chiefly color), plans ; |
| Dimensions |
30 cm |
| 336 ## - CONTENT TYPE |
| Source |
rdacontent |
| Content type term |
text |
| Content type code |
txt |
| 337 ## - MEDIA TYPE |
| Source |
rdamedia |
| Media type term |
unmediated |
| Media type code |
n |
| 338 ## - CARRIER TYPE |
| Source |
rdacarrier |
| Carrier type term |
volume |
| Carrier type code |
nc |
| 500 ## - GENERAL NOTE |
| General note |
English translation of the 1st German ed. |
| 504 ## - BIBLIOGRAPHY, ETC. NOTE |
| Bibliography, etc |
Includes bibliographical references and index. |
| 505 0# - FORMATTED CONTENTS NOTE |
| Formatted contents note |
Part A: Introduction. Definitions / Georg Giebeler ; Further building work: thoughts on works with the building stock / Georg Giebeler, Petra Kahlfedt -- Part B: Principles. Planning refurbishment works / Georg Giebeler ; Building physics / Harald Krause ... [et al.] ; Building services / Karl-Heinz Petzinka ... [et al.] ; Conservation / Rainer Fisch ; Building materials in refurbishment projects / Florian Musso, Johan Weber ; Dangerous substances in the building stock / Alexander Rudolphi -- Part C: Historical periods / Georg Giebeler ; Classification of building tasks ; General refurbishment tasks ; Buildings of the founding years, 1870-1920 ; Buildings of the inter-war years, 1920-1940 ; Buildings of the post-war years, 1950-1965 ; Buildings of the prosperous years, 1965-1980 -- Part D: Case studies. Project examples 1 to 18 -- Part E: Appendix. Glossary ; Statutory instruments, directives, standards. |
| 650 #7 - SUBJECT ADDED ENTRY--TOPICAL TERM |
| Topical term or geographic name as entry element |
Buildings |
| General subdivision |
Repair and reconstruction. |
| Source of heading or term |
BUEsh |
| 650 #7 - SUBJECT ADDED ENTRY--TOPICAL TERM |
| Topical term or geographic name as entry element |
Architecture |
| General subdivision |
Conservation and restoration. |
| Source of heading or term |
BUEsh |
| 650 #7 - SUBJECT ADDED ENTRY--TOPICAL TERM |
| Topical term or geographic name as entry element |
Buildings |
| General subdivision |
Remodeling for other use. |
| Source of heading or term |
BUEsh |
| 653 ## - INDEX TERM--UNCONTROLLED |
| Resource For college |
Generalities |
| Arrived date list |
August2020 |
| 655 ## - INDEX TERM--GENRE/FORM |
| Form subdivision |
Reading book |
| 9 (RLIN) |
34232 |
| 700 1# - ADDED ENTRY--PERSONAL NAME |
| Personal name |
Giebeler, Georg, |
| Dates associated with a name |
1963- |
| Relator term |
author. |
| 906 ## - LOCAL DATA ELEMENT F, LDF (RLIN) |
| a |
7 |
| b |
cbc |
| c |
copycat |
| d |
2 |
| e |
ncip |
| f |
20 |
| g |
y-gencatlg |
| 942 ## - ADDED ENTRY ELEMENTS (KOHA) |
| Source of classification or shelving scheme |
Dewey Decimal Classification |
| Koha item type |
Book - Borrowing |